Sīrat al-Qāhirah = The story of Cairo /
Main Author:
Other Authors: , ,
Format: Book
Language:
Arabic
English
Published:
al-Qāhirah :
Maktabat al-Nahḍah al-Miṣrīyah,
1950.
Subjects:
Tags: Add Tag
Call Number: DT143 .L332 1950
| LEADER | 01381nam a2200313Ia 4500 | ||
|---|---|---|---|
| 003 | OSt | ||
| 005 | 20230711065920.0 | ||
| 008 | 130303s1950 ua a b 001 0 ara d | ||
| 952 | |0 0 |1 0 |2 lcc |4 0 |6 DT0143 L332 01950 |7 1 |9 49185 |a ARCE |b ARCE |d 2023-07-11 |l 0 |o DT143 .L332 1950 |p 1003642 |r 2023-07-11 00:00:00 |w 2023-07-11 |y BK | ||
| 999 | |c 25091 |d 25091 | ||
| 020 | |a 9770153494 | ||
| 040 | |c ARCE Library | ||
| 041 | 1 | |a ara |h eng | |
| 043 | |a f-ua--- | ||
| 050 | 4 | |a DT143 .L332 1950 | |
| 100 | 1 | |a Lane-Poole, Stanley, |d 1854-1931, |e author | |
| 240 | 1 | 0 | |a Story of Cairo. |l Arabic |
| 245 | 1 | 0 | |6 880-02 |a Sīrat al-Qāhirah = |b The story of Cairo / |c taʼlīf Stānlī Laynbūl ; tarjamat Ḥasan Ibrāhīm Ḥasan, ʻAlī Ibrāhīm Ḥasan, Idwār Ḥalīm. |
| 264 | 1 | |a al-Qāhirah : |b Maktabat al-Nahḍah al-Miṣrīyah, |c 1950. | |
| 300 | |a 278 pages : |b illustrations ; |c 25 cm. | ||
| 500 | |a Translation of : The story of Cairo. | ||
| 504 | |a Includes bibliographical references and indexes. | ||
| 651 | 0 | |a Cairo (Egypt) |x History. | |
| 700 | 1 | |a Ḥasan, Ḥasan Ibrāhim. | |
| 700 | 1 | |a Ḥasan, ʻAlī Ibrāhim. | |
| 700 | 1 | |a Ḥalīm, Idwār. | |
| 880 | 1 | 0 | |6 245-02/(3/r |a سيرة القاهرة |c ستانلي لينبول ؛ ترجمة حسن إبراهيم حسن، علي إبراهيم حسن. |
| 901 | |a reviewed | ||
| 942 | |c BK |2 lcc | ||
